000
00217 a2200097 4500
001
12239
100
_a
Jane's
245
_a
Jane's: Air-Launched Weapons
260
_a
London
_b
Jane's Group
_c
2005
090
_c
9469
_d
9469
942
_a
NUST-CAE
_c
M
_c
36343
999
_c
247312
_d
247312